লোডিং...
Pannivalarthal (Malayalam)
| প্রধান লেখক: | |
|---|---|
| বিন্যাস: | Printed Book |
| প্রকাশিত: |
Kottayam
D C Books
2009
|
| LEADER | 00425nam a22001337a 4500 | ||
|---|---|---|---|
| 020 | |a 978-81-264-2424-5 | ||
| 082 | |a 636.4 MOH/PA | ||
| 100 | |a Dr.P V Mohanan | ||
| 245 | |a Pannivalarthal (Malayalam) | ||
| 260 | |a Kottayam |b D C Books |c 2009 | ||
| 300 | |a 159 | ||
| 942 | |c BK | ||
| 999 | |c 169415 |d 169415 | ||
| 952 | |0 0 |1 0 |4 0 |6 636_400000000000000_MOH_PA |7 0 |9 174459 |a KAUCOAP |b KAUCOAP |d 2016-03-26 |o 636.4 MOH/PA |p KAU_COAP06871 |r 2016-03-26 |w 2016-03-26 |y BK | ||